DTM Fahrer 2009 - Statistiken

Allgemein
  • Dieses Quiz wurde 4 mal gespielt
  • Das Durchschnittsergebnis liegt bei 9 aus 20
Antwortstatistiken
Team Nummer Marke Nation Fahrer % Korrekt
Stern AMG-Mercedes 17 Mercedes Österreich Mathias Lauda
100%
Mercedes-Benz Bank AMG-Mercedes 9 Mercedes Kanada Bruno Spengler
67%
Salzgitter AMG-Mercedes 10 Mercedes Großbritannien Gary Paffett
67%
Junge Sterne AMG-Mercedes 7 Mercedes Großbritannien Jamie Green
67%
GQ AMG-Mercedes 16 Mercedes Deutschland Maro Engel
67%
Audi Sport Team Abt Sportsline 6 Audi Deutschland Martin Tomczyk
67%
Audi Sport Team Abt Sportsline 5 Audi Schweden Mattias Ekström
67%
AMG-Mercedes 3 Mercedes Großbritannien Paul di Resta
67%
Trilux AMG-Merceses 4 Mercedes Deutschland Ralf Schumacher
67%
Audi Sport Team Abt 1 Audi Deutschland Timo Scheider
67%
Audi Sport Team Abt 2 Audi Dänemark Tom Kristensen
67%
Audi Sport Team Rosberg 12 Audi Deutschland Markus Winkelhock
33%
Audi Sport Team Rosberg 11 Audi Deutschland Mike Rockenfeller
33%
Audi Sport Team Phoenix 15 Audi Großbritannien Oliver Jarvis
33%
TV-Spielfilm AMG-Mercedes 8 Mercedes Großbritannien Susie Stoddart
33%
Audi Sport Team Phoenix 14 Audi Frankreich Alexandre Premat
0%
Futurecom TME(9) 18 Audi Dänemark Christian Bakkerud
0%
Futurecom TME(8) 19 Audi Deutschland Johannes Seidlitz
0%
Audi Sport Team Abt Lady Power 21 Audi Großbritannien Katherine Legge
0%
Futurecom BRT 20 Audi Tschechien Tomas Kostka
0%
Keine übereinstimmenden Quizze gefunden
Verteilung der Resultate
Anzahl Personen mit jedem Resultat
Perzentil nach korrekt beantworteten Fragen
Ihre Resultats-Entwicklung
Sie haben dieses Quiz noch nicht gespielt